00000000nam 2200000zi 4500
0019.945615
003CaOODSP
00520241127145726
006m     o  d f      
007cr mn|||||||||
008241126e202411##onc     ob   f000 0 eng d
040 |aCaOODSP|beng|erda|cCaOODSP
043 |an-cn---
0861 |aXC27-1/1-441-20E-PDF
1101 |aCanada. |bParliament. |bHouse of Commons. |bStanding Committee on Transport, Infrastructure and Communities, |eauthor, |eissuing body.
24514|aThe role of McKinsey & Company in the creation and the beginnings of the Canada infrastructure bank / |cPeter Schiefke, chair.
264 1|a[Ottawa] : |bHouse of Commons Canada = Chambre des communes Canada, |cNovember 2024.
300 |a1 online resource (viii, 36 pages)
336 |atext|btxt|2rdacontent
337 |acomputer|bc|2rdamedia
338 |aonline resource|bcr|2rdacarrier
4901 |aReport of the Standing Committee on Transport, Infrastructure and Communities ; |v20th report, 44th Parliament, 1st session
500 |aIssued also in French under title: Le rôle de la société McKinsey & Company dans la création et les débuts de la banque de l’infrastructure du Canada.
504 |aIncludes bibliographical references.
650 0|aInfrastructure (Economics)|zCanada.
650 0|aInfrastructure (Economics)|xGovernment policy|zCanada.
7001 |aSchiefke, Peter.
77508|tLe rôle de la société McKinsey & Company dans la création et les débuts de la banque de l’infrastructure du Canada / |w(CaOODSP)9.945618
830#0|aReport of the Standing Committee on Transport, Infrastructure and Communities ;|v20th report, 44th Parliament, 1st session.|w(CaOODSP)9.507118
85640|qPDF|s2.71 MB|uhttps://publications.gc.ca/collections/collection_2024/parl/xc27-1/XC27-1-1-441-20-eng.pdf
8564 |qHTML|sN/A|uhttps://www.ourcommons.ca/DocumentViewer/en/44-1/TRAN/report-20